[Event "Civil Service Ch 21st"]
[Site "Leeds"]
[Date "2011.07.22"]
[Round "5.2"]
[White "Thurlow, Kevin J"]
[Black "Bowers, Francis J"]
[Result "1-0"]
[WhiteElo "2042"]
[BlackElo "2066"]
[PlyCount "135"]
[EventDate "2011.07.20"]
[EventType "swiss"]
[EventRounds "5"]
[EventCountry "ENG"]
[SourceTitle "BritBase"]
[Source "John Saunders"]
[SourceDate "2024.12.03"]
[SourceVersion "1"]
[SourceVersionDate "2024.12.03"]
[SourceQuality "1"]

1. c4 Nf6 2. Nc3 g6 3. d4 Bg7 4. g3 O-O 5. Bg2 d6 6. e3 c6 7. Nge2 Nbd7 8. O-O e5 $11 9. b3 Re8 10. Ba3 Nb6 11. Qc2 Qc7 12. Rad1 Bf8 13. Rd2 Be6 14. d5 Bd7 15. dxc6 bxc6 16. Rfd1 d5 17. Bxf8 Kxf8 18. cxd5 cxd5 19. Nxd5 Nfxd5 20. Qxc7 Nxc7 21. Bxa8 Rxa8 $11 22. Rxd7 Nxd7 23. Rxd7 Rc8 24. Nc3 Ke8 25. Rd2 f5 26. Nd5 Nxd5 27. Rxd5 e4 28. Ra5 Rc7 29. h4 Ke7 30. Ra6 Kf7 31. b4 Kg7 32. b5 Rb7 33. a4 Kh6 34. Kg2 Kh5 35. Rc6 Kg4 36. Rc4 Kh5 37. f3 exf3+ 38. Kxf3 Kh6 39. Kf4 Re7 40. a5 Rb7 41. Rb4 Kg7 42. b6 axb6 43. axb6 Kf6 44. e4 fxe4 45. Kxe4 Ke6 46. g4 h6 47. Kd4 Kd6 48. Rb2 Kc6 49. Ke5 Rd7 50. b7 Rd5+ 51. Kf6 Rd6+ 52. Kg7 Rd7+ 53. Kxh6 Rxb7 54. Rxb7 Kxb7 55. Kxg6 Kc6 56. Kf6 Kd6 57. h5 Kd5 58. h6 Ke4 59. h7 Kf4 60. g5 Kg4 61. h8=Q Kf4 62. Qe8 Kg4 63. Qe4+ Kg3 64. Kf5 Kf2 65. Kg4 Kg1 66. Kf3 Kh2 67. Qg4 Kh1 68. Qg2# 1-0

[Event "Civil Service Ch 21st"]
[Site "Leeds"]
[Date "2011.07.22"]
[Round "5.3"]
[White "Pickersgill, Adrian O"]
[Black "Archer, Richard P"]
[Result "1/2-1/2"]
[WhiteElo "1994"]
[BlackElo "2090"]
[PlyCount "43"]
[EventDate "2011.07.20"]
[EventType "swiss"]
[EventRounds "5"]
[EventCountry "ENG"]
[SourceTitle "BritBase"]
[Source "John Saunders"]
[SourceDate "2024.12.03"]
[SourceVersion "1"]
[SourceVersionDate "2024.12.03"]
[SourceQuality "1"]

1. e4 e5 2. Bb5 c6 3. Ba4 Nf6 4. Nc3 Qa5 5. Bb3 d5 6. exd5 cxd5 7. d4 e4 8. Nge2 Bg4 9. O-O Be7 10. h3 Bxe2 11. Nxe2 O-O 12. Bf4 Nc6 13. c3 Rad8 14. Ng3 g6 15. Qd2 Qb6 16. Bd1 Ne8 17. f3 f5 18. fxe4 fxe4 19. Bg4 Ng7 20. Kh1 Na5 21. b3 Nc6 22. Bg5 1/2-1/2

[Event "Civil Service Ch 21st"]
[Site "Leeds"]
[Date "2011.07.22"]
[Round "5.4"]
[White "Brusey, Alan W"]
[Black "Greenacre, Kevin"]
[Result "1/2-1/2"]
[WhiteElo "2042"]
[BlackElo "1986"]
[PlyCount "65"]
[EventDate "2011.07.20"]
[EventType "swiss"]
[EventRounds "5"]
[EventCountry "ENG"]
[SourceTitle "BritBase"]
[Source "John Saunders"]
[SourceDate "2024.12.03"]
[SourceVersion "1"]
[SourceVersionDate "2024.12.03"]
[SourceQuality "1"]

1. e4 e6 2. d4 d5 3. e5 c5 4. c3 Nc6 5. Nf3 Bd7 6. Be2 Qb6 7. O-O f6 8. dxc5 Bxc5 9. b4 Be7 10. Bf4 fxe5 11. Nxe5 Nxe5 12. Bxe5 Bf6 13. Bh5+ g6 14. Bxf6 Nxf6 15. Bf3 O-O 16. a4 Rac8 17. a5 Qd6 18. Qd4 a6 19. Re1 Rce8 20. Re5 Bc6 21. Na3 Nd7 22. Ree1 Qc7 23. Nc2 Rf4 24. Qd2 Rf6 25. Re2 Ne5 26. Nd4 Bb5 27. Ree1 Kg7 28. Be2 Bc4 29. f4 Nd7 30. g3 e5 31. Bg4 e4 32. Qc2 Re7 33. Re3 1/2-1/2

[Event "Civil Service Ch 21st"]
[Site "Leeds"]
[Date "2011.07.22"]
[Round "5.5"]
[White "McGranaghan, James"]
[Black "Maxwell, Alistair"]
[Result "0-1"]
[WhiteElo "1706"]
[BlackElo "2074"]
[PlyCount "62"]
[EventDate "2011.07.20"]
[EventType "swiss"]
[EventRounds "5"]
[EventCountry "ENG"]
[SourceTitle "BritBase"]
[Source "John Saunders"]
[SourceDate "2024.12.03"]
[SourceVersion "1"]
[SourceVersionDate "2024.12.03"]
[SourceQuality "1"]

1. d4 d5 2. Nf3 Nf6 3. Bg5 Ne4 4. Bh4 c5 5. c3 Qb6 6. Qc2 cxd4 7. cxd4 Nc6 8. e3 Bf5 9. Bd3 Qa5+ 10. Nc3 Nb4 11. Bb5+ Qxb5 12. Nxb5 Nxc2+ 13. Ke2 Nxa1 14. Nc7+ Kd8 15. Nxa8 Nc2 16. Rc1 Nb4 17. Ne5 Nd6 18. a3 Na6 19. b4 f6 20. b5 Nb8 21. b6 axb6 22. Nd3 Bxd3+ 23. Kxd3 Nc4 24. a4 Nc6 25. Rxc4 dxc4+ 26. Kxc4 e6 27. Nxb6 Bd6 28. Kd3 g5 29. Nc4 Bxh2 30. Bg3 Bxg3 31. fxg3 Ke7 0-1